000
00327nam a22001457a 4500
003
OSt
005
20160727222348.0
008
160621b xxu||||| |||| 00| 0 eng d
040
_c
TEST
100
_9
308
_a
Singal, S,
245
_a
Numerical Physics
260
_a
N.D
_b
Arya
_c
1988
300
_a
Numerical Physics
942
_2
ddc
_c
BK
999
_c
248
_d
248